Principles of engineering geology and geotechnics (Record no. 54564)

MARC details
000 -LEADER
fixed length control field 00610nam a2200145 a 4500
008 - FIXED-LENGTH DATA ELEMENTS--GENERAL INFORMATION
fixed length control field 120416s1957 ||||||||||||||||| || u
050 ## - LIBRARY OF CONGRESS CALL NUMBER
Classification number TN 260 Kry
100 ## - MAIN ENTRY--PERSONAL NAME
Personal name Krynine, Dimitri Pavlovitch
245 10 - TITLE STATEMENT
Title Principles of engineering geology and geotechnics
246 ## - VARYING FORM OF TITLE
Title proper/short title geology, soil and rock mechanics, and other earth sciences as used in civil engineering
260 ## - PUBLICATION, DISTRIBUTION, ETC.
Place of publication, distribution, etc. New York
Name of publisher, distributor, etc. McGraw-Hill
Date of publication, distribution, etc. 1957
300 ## - PHYSICAL DESCRIPTION
Extent xiii, 730p. : ill
350 ## - PRICE (NR) (BK AM CF MU VM SE) [OBSOLETE]
Price 0.00
995 ## - RECOMMENDATION 995 [LOCAL, UNIMARC FRANCE]
-- 0.00
-- CBU-MAIN LIBRARY (Kitwe)
-- 1
-- 0.00
-- DAMAGED
-- Jun 4, 2009
-- Main Library Open Access Collection
Holdings
Withdrawn status Lost status Source of classification or shelving scheme Damaged status Not for loan Home library Current library Shelving location Date acquired Total Checkouts Full call number Barcode Date last seen Price effective from Koha item type
          CBU-MAIN LIBRARY, KITWE. CBU-MAIN LIBRARY, KITWE.   11/30/2022   TN 260 Kry 717968 11/30/2022 11/30/2022 MONOGRAPH